Fundamentos normativos de la intervención delictiva y responsabilidad penal: del abogado en los delitos de organización.
Na minha lista:
| Autor principal: | |
|---|---|
| Formato: | Livro |
| Idioma: | espanhol |
| Publicado em: |
s.l
Hammurabi
2018
|
| Assuntos: | |
| Tags: |
Adicionar Tag
Sem tags, seja o primeiro a adicionar uma tag!
|
MARC
| LEADER | 00000cam a2200000 a 4500 | ||
|---|---|---|---|
| 001 | UCC4737 | ||
| 003 | CL-VaPUC | ||
| 005 | 20241129101311.0 | ||
| 008 | 180824e20180000cl |||||||||||||||||spa|d | ||
| 999 | |c 372155 |d 372153 | ||
| 020 | |a 9789569952104 | ||
| 040 | |c Pontificia Universidad Católica de Valparaíso | ||
| 082 | 0 | 4 | |a 340.85023 TIS 2018 |2 21 |
| 100 | 0 | |a Tisnado Solís, Luis A |9 598932 | |
| 245 | 1 | 0 | |a Fundamentos normativos de la intervención delictiva y responsabilidad penal: del abogado en los delitos de organización. |
| 260 | 0 | 3 | |a s.l |b Hammurabi |c 2018 |
| 300 | |a 244 páginas. | ||
| 583 | |a last modification |c 20180824 13:39:00 |k Rodrigo Vera | ||
| 650 | 0 | |a Abogados |9 256284 | |
| 650 | 0 | |a Responsabilidad profesional |9 381253 | |
| 650 | 0 | |a Etica profesional |9 255694 | |
| 650 | 7 | |a RESPONSABILIDAD DEL ABOGADO |2 CL-VaPUC |9 380688 | |
| 942 | |c BK |2 ddc | ||
| 945 | |d 20180824 13:39:00 |a dcastane | ||
| 952 | |0 0 |1 0 |2 ddc |3 erb |4 0 |6 340_850230000000000_TIS_2018 |7 0 |8 A |9 489432 |a BIBDER |b BIBDER |i 5491258 |o 340.85023 TIS 2018 |p 5491258 |r 2023-01-25 |t 1 |w 2019-11-24 |y BK |z Catalogado en:20180824 |k DER | ||